000 00826nas a2200277 4500
001 BR0503390
003 BR-BrBNA
005 20231205105456.0
007 ta
008 230509b bl.|||p| |||| 00| 00por d
040 _aBR-BrBNA
_bpor
_cBiblioteca Nacional de Agricultura
041 _a(Pt)
072 _aK50
100 1 _aMendes, L.M.
100 1 _aArce, J.E.
245 1 _aAnálise comparativa das equações utilizadas para estimar a umidade de equilíbrio da madeira
650 _aMADEIRA
650 _aSECAGEM
650 _aUMIDADE RELATIVA
650 _aANÁLISE COMPARATIVA
650 _aEQUILÍBRIO HIGROSCÓPIO
650 _aTEMPERATURA
773 0 _tCerne (Brazil)
_xISSN 0104-7760
_g(Jul-Dec 2003), v. 9(2) p. 141-152
_wBR0503390
909 _a202311
_bLúcia
_c55
_dLúcia Elande
942 _2AGRIS
_n0
_cANA
999 _c183167
_d183167